| 000 | 00756nam a2200169 a 4500 | ||
|---|---|---|---|
| 001 | 000044596 | ||
| 005 | 20201002045504.0 | ||
| 008 | 140721s1997 sp 000 0 spa d | ||
| 020 | _a9280507329 | ||
| 040 |
_aDO-SdBNP _bspa _cBNPHU |
||
| 245 | 0 | 0 | _aTratado de la OMPI sobre interpretación o ejecución y fonogramas (WPPT)(1996) con las declaraciones concertadas relativas al tratado adoptadas por la Coferencia Diplomática y las disposiciones del Convenio de Berna (1971) y de la Convensión de Roma (1961) mencionadas en el tratado. |
| 260 |
_aGinebra : _bOMPI, _c1997. |
||
| 300 |
_a30 p. ; _c22 cm. |
||
| 490 | 1 |
_aPublicación OMPI _v227 |
|
| 710 | 2 |
_aOrganización Mundial de la Propiedad Intelectual _966400 |
|
| 830 | 0 |
_aPublicación OMPI _c227 _972627 |
|
| 999 |
_c44085 _d44085 |
||